01346nam a22001937a 45000010005000000030006000050050017000110080041000280200018000690400029000870500015001160820008001311000016001392450092001552600061002473000044003085200772003527000028011245757FISKH20250120162559.0250120b cb ||||| |||| 00| 0 eng d a9781107614796 aFISKHbengcFISKHdFISKH aCD20537777 a570 aJones, Mary aCambridge IGCSE® Biology coursebook : bThird edition /cby Mary Jones and Geoff Jones aCambridge : bCambridge University Press ;c2002, 2014 . a344 pages : billustrations ; c29 cm . aThis edition of our successful series to support the Cambridge IGCSE Biology syllabus (0610) is fully updated for the revised syllabus for first examination from 2016. Written by an experienced teacher and examiner, Cambridge IGCSE Biology Coursebook with CD-ROM gives comprehensive and accessible coverage of the syllabus content. Suggestions for practical activities are included, designed to help develop the required experimental skills, with full guidance included on the CD-ROM. Study tips throughout the text, exam-style questions at the end of each chapter and a host of revision and practice material on the CD-ROM are designed to help students prepare for their examinations. Answers to the exam-style questions in the Coursebook are provided on the CD-ROM. aJones , Geoff eauthor